MDQL
is popping MORE tags! Check the
thread
!
Quizzes
Events
Quiz Creation
Community
Videos
Private Events
Remove Ads
Sign In
Join for FREE
Feedback
Dark Mode
Quiz Categories
Sports
Geography
Music
Movies
Television
Just For Fun
Miscellaneous
History
Literature
Language
Science
Gaming
Entertainment
Religion
Holiday
For Kids
Quiz Lab
Recent
Popular Today
Quiz Kudos Today
Editor Picks
Curator Picks
Quizzes by...
Day
Popularity
Type
Ratings
Length
Year
Community
Subscriptions
Recent Discussions
Orange Saloon
Badges
Playlists
Quests
Create
Leaderboards
Showdown
Live 5
Trivia Bingo
Activity
Puzzle Library
Sporcle Events
Private Events
Virtual Trivia
Globe League
Become a Host
Pub Owners
SporcleCon
Opinionation
Our Games
Videos
Blog
Mobile Apps
Partnerships
Remove Ads and Go Orange
Feedback
Music
Pop Music
The Beatles
Song
Album
Lyrics
Bands
Singers
Artist
Clip
Rock
Rap
Classical
Billboard
Country Music
Kpop
Taylor Swift
Music
Pop Music
The Beatles
Song
Album
Lyrics
Bands
Singers
Artist
Clip
Rock
Rap
Classical
Billboard
Country Music
Kpop
Taylor Swift
Random Quiz
Search Sporcle
×
Quiz Lab
Quiz Lab
Music
Lyrics
Type in answers that appear in a list
Type in answers that appear in a list
Classic
Best Score? Go Orange.
One Week Lyrics, Part II Stats
Can you name the lyrics to Barenaked Ladies' 'One Week' Part II?
By
Xygni
10m
193 Questions
1,244 Plays
1,244 Plays
1,244 Plays
Comments
Comments
Give Quiz Kudos
Give Quiz Kudos
-
- Ratings
hide this ad
More Info
Replay
Link that replays current quiz
Next Quiz
Link to next quiz in quiz playlist
You Got
0%
They Got
Avg Score
82%
Avg Friend Score
Upgrade to see
Score Distribution
Jump to the score distribution portion of the page
Score
0/193
Timer
10:00
0
Plays Today
% Correct
I
99%
I
99%
I
99%
I
99%
I
99%
I
99%
I
99%
I
99%
I
99%
I
99%
I
99%
the
98.4%
a
98.4%
the
98.4%
a
98.4%
the
98.4%
and
98.4%
the
98.4%
the
98.4%
a
98.4%
And
98.4%
and
98.4%
the
98.4%
a
98.4%
and
98.4%
the
98.4%
a
98.4%
you
97.6%
you
97.6%
you
97.6%
You
97.6%
you
97.6%
on
96.5%
on
96.5%
on
96.5%
it
96%
one
95.7%
week
94.5%
at
94.5%
at
94.5%
your
94.2%
your
94.2%
me
94.1%
me
94.1%
me
94.1%
it's
93.5%
It's
93.5%
since
93.5%
since
93.5%
It's
93.5%
since
93.5%
it's
93.5%
been
93.3%
been
93.3%
to
91.7%
to
91.7%
to
91.7%
I'm
91.6%
I'm
91.6%
I'm
91.6%
no
91%
have
90.9%
have
90.9%
Have
90.9%
have
90.9%
% Correct
la
89.5%
days
88.3%
days
88.3%
you're
88.1%
you're
88.1%
you're
88.1%
if
87.9%
if
87.9%
my
87.6%
my
87.6%
my
87.6%
my
87.6%
my
87.6%
of
87.2%
of
87.2%
mad
86%
mad
86%
can
85.1%
three
85%
looked
84.4%
not
84.2%
not
84.2%
not
84.2%
Five
83.1%
when
83%
what
83%
think
82.9%
kind
82.7%
guy
82.7%
funeral
82.7%
laughs
82.3%
will
82.2%
who
82%
smile
81.9%
chicken
81.9%
soon
81.8%
soon
81.8%
with
81.8%
But
81.6%
Can't
81.5%
in
81.5%
Chinese
81.4%
sorry
81.1%
lights
80.8%
funny
80.7%
still
80.7%
understand
80.4%
feel
80.3%
bad
80.3%
off
80.3%
said
79.9%
mean?
79.8%
X-Files
79.8%
shirt
79.7%
Well
79.3%
drumstick
79.3%
brain
79.2%
Like
78.9%
Like
78.9%
Like
78.9%
Like
78.9%
Watchin'
78.9%
help
78.8%
hard
78.7%
taking
78.5%
% Correct
Tryin'
78.1%
fault
77.8%
say
76.7%
China
76.5%
wear
76.1%
sleeve
76.1%
though
76%
tickin'
76%
tendency
75.7%
don't
75.6%
history
75.2%
got
75.2%
make
75.2%
make
75.2%
did
74.9%
too
74.8%
both
74.8%
knees
74.7%
How
74.2%
mind
74.2%
rug
73.6%
burns
73.1%
films
73%
films
73%
stops
72.6%
Harrison
72%
Ford
71.9%
frantic
71.9%
they'd
71%
Yesterday
70.4%
I've
70.3%
samurai
70.3%
getting
69.3%
moment
69.1%
tackled
68.9%
satisfy
68.6%
tantric
67.9%
realized
67%
forgiven
67%
hope
66.8%
Sting
66.6%
guaranteed
66.4%
'till
66.2%
afternoon
66%
you'd
65.8%
'Kay
65.7%
crazy
65.1%
arms
64.1%
air
63.8%
Threw
63.6%
Snickers
63.4%
Man's
63.3%
maison
61.6%
Smoking
59.3%
We're
58.8%
back
58.2%
Chickity
55.8%
wait
55%
sit
54.3%
now
53.1%
dans
47.4%
Kurosawa
46.8%
in this one
29.4%
Quiz Playlist
Details
Report
Send in Message
Add To Playlist
More Info:
This is Part II of the One Week lyrics quiz. For part I: http://www.sporcle.com/games/Xygni/oneweek For part III:
Classic:
Type in answers that appear in a list
Last Updated: Feb 16, 2017
Quiz Scoreboard
CHALLENGE
Sign Up to Join the Scoreboard
Show All
Scores
Hide
Comments
May contain spoilers
Recently Published
Holiday 10x10 Sorting Gallery
by lukepisani3
Holiday
15m
Two Season TV Shows II
by 123Four
Television
10m
Image Sorting: Flags VI
by Barbecue
Geography
2m
More to Explore
Quiz From the Vault
Featured Blog Post
14 Easter Pick-up Lines to Find Eggs With
hide this ad
You Might Also Like...
Tags
Lyrics Quiz
Barenaked Ladies
Lady
One Week
Week
Today's Top Quizzes in Music
Browse Music
hide this ad
Today's Top Quizzes in Lyrics
Browse Lyrics
Top Contributed Quizzes in Music
1
5X2 Blitz: Bands II
2
Taylor Swift All Songs (2024)
3
5X2 Blitz: The Beatles
4
5X2 Blitz: Billboard
5
Music Artist by Three 2010s hits
6
5X2 Blitz: Billboard II
7
5X2 Blitz: Album
8
5X2 Blitz: Rock
9
5X2 Blitz: Singers
10
5X2 Blitz: Lyrics
Explore More
Trending Topics
Harry Potter
Marvel
Anime
NBA
Kpop
Disney
Crossword
Country
Pokémon
NFL
Song
Soccer
The Office
WWE
Puzzle
hide this ad
More By:
Xygni
Quiz
Plays
Rating
Category
Featured
Created
Nirvana Songs
37,169
4.38
Music
Sep 28, 2009
BHM's Top 100 Horror Movies
18,427
3.96
Movies
Nov 20, 2009
IGN's Readers Choice Top 100 Games (2008)
5,186
3.44
Gaming
Nov 5, 2009
Alice in Chains Songs
4,711
4.54
Music
Oct 11, 2009
Futurama Episodes
4,146
4.00
Television
Sep 28, 2009
Go to Creator's Profile
Score Distribution
Quiz Creator Spotlight
Xygni
Follow
Send a Message
Quizzes Created
-
Created Quiz Play Count
-
More By This Creator
Popular Quizzes Today
1
Find the US States - No Outlines Minefield
2
Colored Red Africa Blitz
3
Find the 'City' Movie
4
The Countries of the World
5
5x2 Blitz: Bands
6
Find the Countries of Europe - No Outlines Minefield
7
Find the US States
8
US States
More Music Quizzes
Life, Time, Rain or Rock Songs
Published
Trending Quizzes
Colored Red Europe Blitz I
Colored Red Europe Blitz II
Colored Red Africa Blitz II
Even More Two Season TV Shows
Colored Red Africa Blitz III
Recently Updated
Odd Team Out - Big 4 Players
pecheneg
Quick Pick: 20 Twenties
pecheneg
March Madness Men's Triple Doubles
pecheneg
How Do You Spell That?
pecheneg
Godzilla Movies
pecheneg
Grab Bag: 4-10 Letters
pecheneg
2024 March Madness Bracket
pecheneg
Famous TV Couples
Peacemaker
Champions League XIs: Real Madrid
pecheneg
Largest US Cities 1790-2010
pecheneg
Trending Topics
NBA
Harry Potter
Kpop
Crossword
Disney
Marvel
Anime
The Office
Country
Puzzle
WWE
Soccer
NFL
Song
Pokémon
Your Account Isn't Verified!
In order to create a playlist on Sporcle, you need to verify the email address you used during registration. Go to your
Sporcle Settings
to finish the process.
Report this User
Report this user for behavior that violates our
Community Guidelines
.
Details:
Send Report
Go to the Sporcle.com Mobile Site →
Comments